Entropy optimization and mathematical programming
Αποθηκεύτηκε σε:
| Κύριος συγγραφέας: | |
|---|---|
| Άλλοι συγγραφείς: | , |
| Μορφή: | Βιβλίο |
| Γλώσσα: | English |
| Δημοσίευση: |
Boston :
Kluwer Academic Publishers,
c1997
|
| Σειρά: | International series in operations research & management science ;
; 8 |
| Θέματα: | |
| Ετικέτες: |
Προσθήκη ετικέτας
Δεν υπάρχουν, Καταχωρήστε ετικέτα πρώτοι!
|
MARC
| LEADER | 00000nam a2200000 i 4500 | ||
|---|---|---|---|
| 001 | 1/83518 | ||
| 008 | 990604s1997 eng d | ||
| 020 | |a 0-7923-9939-0 | ||
| 035 | |l 10051368 | ||
| 040 | |a GR-MY-UA |b gre |e aacr | ||
| 041 | 0 | |a eng | |
| 082 | 0 | |a 519.7 | |
| 100 | 1 | |a Fang, Shu-Cherng. | |
| 245 | 1 | 0 | |a Entropy optimization and mathematical programming / |c S.-C. Fang, J.R. Rajasekera, H.-S.J. Tsao |
| 260 | |a Boston : |b Kluwer Academic Publishers, |c c1997 | ||
| 300 | |a x, 343 p.; |b ill.; |c 24 cm. | ||
| 490 | 1 | |a International series in operations research & management science |v ; 8 | |
| 500 | |a Includes bibliographical references and index | ||
| 650 | 0 | 0 | |a Operations research. |
| 650 | 0 | 0 | |a Entropy (Information theory) |
| 650 | 0 | 0 | |a Mathematical optimization. |
| 700 | 1 | |a Rajasekera, J. R. | |
| 700 | 1 | |a Tsao, H.-S.J. | |
| 830 | 0 | |a International series in operations research & management science ; |v ; 8 | |
| 852 | |a INST |b SAMOS |e 19990604 |h 519.7 FAN |p 005300012611 |q 005300012611 |t BK |y 0 | ||
| 852 | |a INST |b SAMOS |e 19991110 |h 519.7 FAN |p 005300016774 |q 005300016774 |t BK |y 0 | ||
| 901 | |a BIBL3-1999-2 | ||
| 909 | |a Σ |b 063219 | ||
| 909 | |a Σ |b 067455 | ||
| 922 | |a 3ΕΛΗ |b 199905 |c ΕΠΕΑΕΚ/ΜΑΘ |d GLORY | ||
| 922 | |a 3ΕΛΗ |b 199912 |c ΕΠΕΑΕΚ/ΜΑΘ |d ΠΑΠΑΣΩΤΗΡΙΟΥ | ||
| 970 | |a ΓΕΝΟΥΖΟΥ |b ΧΡΥΣΑΝΘΗ |z 1999/11/10 | ||